00758nam a2200241Ia 4500003000400000005001700004008004100021020001800062020001800080040001800098041000800116082002100124100002200145245010100167250001200268260005700280300003000337650003200367650003100399650004400430700002100474700002100495OSt20240415144537.0210716s2014 xx 000 0 und d a9788131516485 a9789386668585 cAIMIT LIBRARY aeng a658.30327bDOWP aDowling, Peter J. aInternational human resource management /cBy Peter J Dowling, Marion Festing and Allen D Engle. a7th ed. aNew Delhi :bCengage Learning India Pvt Ltd ,c2014. axiii,361p. ;bPBc25.5 cm aThe cultural context of HRM aInternational compensation aQuality compliance at the hawthorn arms aFesting, Marion. aFesting, Marion.